The Quran for all humanity / (Record no. 103973)

MARC details
000 -LEADER
fixed length control field 00561nam a22001937a 4500
005 - DATE AND TIME OF LATEST TRANSACTION
control field 20161010160054.0
010 ## - LCCN (DPL NO)
LC control number ENG-116201
020 ## - INTERNATIONAL STANDARD BOOK NUMBER
International Standard Book Number 9788185063683
Terms of availability 187.00
020 ## - INTERNATIONAL STANDARD BOOK NUMBER
International Standard Book Number 8185063680
Terms of availability 187.00
035 ## - SYSTEM CONTROL NUMBER
System control number EN-99733
037 ## - SOURCE OF ACQUISITION
Source of stock number/acquisition DBAD//PUB
082 ## - DEWEY DECIMAL CLASSIFICATION NUMBER
Classification number 270
100 ## - MAIN ENTRY--PERSONAL NAME
Personal name Maulana Wahiduddin Khan
245 ## - TITLE STATEMENT
Title The Quran for all humanity /
Statement of responsibility, etc Maulana Wahiduddin Khan
260 ## - PUBLICATION, DISTRIBUTION, ETC. (IMPRINT)
Place of publication, distribution, etc New Delhi
Name of publisher, distributor, etc Goodword
Date of publication, distribution, etc 2013
270 ## - ADDRESS
Address 1,Nizamuddin West Market
City New Delhi
Postal code 1100013
300 ## - PHYSICAL DESCRIPTION
Extent 100p.
Dimensions 21cm(pbk)
942 ## - ADDED ENTRY ELEMENTS (KOHA)
Source of classification or shelving scheme Dewey Decimal Classification
Item type English Books
Classification part 270
Call number suffix MAU
Holdings
Withdrawn status Lost status Not for loan Collection code Home library Current library Date acquired Source of acquisition Cost, normal purchase price Full call number Barcode Copy number Cost, replacement price Koha item type
    Not For Loan Non-fiction D.B.Act.Division Bawana 10/10/2016 DBAD/PUB 187.00 270 MAU EN-99733 1 187.00 English Books

© Delhi Public Library
Hit Counter
free hit counter